| 000 | 02147nam a2200253Ia 4500 | ||
|---|---|---|---|
| 003 | CO-CtgCURN | ||
| 005 | 20250408223017.0 | ||
| 008 | 190723s9999 xx 000 0 und d | ||
| 020 | _a9586761428 | ||
| 040 |
_aCO-CtgCURN _bspa _ccoctgcurn |
||
| 082 |
_a346.02 _bC268c |
||
| 100 |
_aCardona Hernández, Guillermo _eautor _98145 |
||
| 245 | 0 |
_aContratos civiles / _cGuillermo Cardona Hernández |
|
| 250 | _a3 edición | ||
| 260 |
_aBogotá, Colombia : _bEdiciones Doctrina y Ley, _c2001 |
||
| 300 |
_a299 páginas ; _c23 centímetros. |
||
| 505 | _aCap.1. Del contrato como acto jurídico y fuente de obligaciones -- Cap.2. El contrato de compraventa -- Cap.3. Forma y requisitos del contrato de compraventa -- Cap.4. De la cosa venida -- Cap.5. De las obligaciones del vendedor y primeramente de la obligación de entregar -- Cap.6. Obligaciones del comprador -- Cap.7. Pactos accesorios de la compraventa -- Cap.8. De la rescisión de la venta por lesión enorme -- Cap.9. La permuta -- Cap.10. De la cesión de derechos -- Cap.11. Del contrato de arrendamiento -- Cap.12. Obligaciones del arrendador en el arrendamiento de cosas -- Cap.13. Obligaciones del arrendatario en el arrendamiento de cosas -- Cap.14. Causas de la expiración del arrendamiento de cosas -- Cap.15. Arrendamiento de inmuebles destinados a vivienda urbana -- Cap.16. Arrendamiento en materia comercial -- Cap.17. Arrendamiento de predios rurales y recopilación de disposiciones sobre el contrato de arrendamiento -- Cap.18. Contrato de obra o empresa -- Cap.19. Del mandato -- Cap.20. Comodato o préstamo de uso -- Cap.21. Contrato de mutuo o préstamo de consumo -- Cap.22. De los contratos aleatorios -- Cap.23. Del deposito y del secuestro -- Cap.24. Los contratos accesorios -- Cap.25. Del contrato de hipoteca -- Cap.26. Del contrato de prenda -- Cap.27. Prenda agraria e industrial y comercial | ||
| 521 | _aAREA PROFESIONAL | ||
| 590 | _aPrograma de Derecho_18 | ||
| 650 |
_aContratos _98146 |
||
| 650 |
_aDerecho civil _98228 |
||
| 942 |
_cBK _h346.02 _iC268c _2ddc _n0 |
||
| 999 |
_c29158 _d29158 |
||